00878nai a2200205Ia 4500003000900000008004100009022002200050022002300072040001600095245005200111260008600163310001400249362002600263521006900289650004400358856008800402942000700490999001700497952015800514IN-BaIIA211028c9999 xx s 000 0 eng d a0885-8977 (Print) a1937-4208 (Online) cIIA Library 0aIEEE Transactions on Power Deliveryh[eJournal] aNew York, USAbThe Institute of Electrical and Electronics Engineers, Inc. (IEEE) aQuarterly a1(1); 1986 - Present  bSubscribed through National Knowledge Resource Consortium (NKRC) aPower, Energy and Industry Applications uhttps://ieeexplore.ieee.org/servlet/opac?punumber=61yClick Here to Access eJournal cEJ c34720d34720 00104070aBANbBANd2009-01-01eNKRCh1(1); 1986 - Present l0pEJ804r2021-11-05uhttps://ieeexplore.ieee.org/servlet/opac?punumber=61w2021-11-05yEJ